Littérature Textes et Documents: XX siècle: Livre du professeur

Guardat en:
Dades bibliogràfiques
Autor principal: Lecherbonnier, Bernard y otros
Format: Llibre
Idioma:Undetermined
Publicat: Francia Nathan 1991
Matèries:
Etiquetes: Afegir etiqueta
Sense etiquetes, Sigues el primer a etiquetar aquest registre!

MARC

LEADER 00000nam a2200000Ia 4500
008 170316s9999 xx 000 0 und d
040 |a cru BVZT 
090 |a A-840 L-1.1L 
100 |a Lecherbonnier, Bernard y otros 
245 |a Littérature Textes et Documents: XX siècle: Livre du professeur 
260 |a Francia 
260 |b Nathan 
260 |c 1991 
300 |a 960 páginas 
650 |a LITERATURA FRANCESA 
650 |a ANTOLOGÍA 
999 |c 12422  |d 12422 
942 |c 15 D  |h A-840 L-1.1L  |2 z